Popularne numery rap/trap tygodnia 16-22.04 Spotify. - Statystyki

Ogólne statystyki
  • Ten quiz został rozwiązany 9 razy
  • Średni wynik to 20 z 30
Statystyki odpowiedzi
Wykonawca Odsłuchania Utwór % Poprawnych
Sobel 1.84M Fiołkowe Pole
100%
Ekipa 568K 3KIPA
89%
Sobel 1.28M Bandyta
89%
Quebonafide, Daria Zawiałow 345K BUBBLETEA
89%
Mata 1.55M Patoreakcja
89%
Young Leosia 484K Szklanki
89%
Ekipa, Qry 540K ZAEBYŚCIE
89%
Sobel 645K Alien
78%
Reto 352K Billy Kid
78%
Sobel 449K Impreza
78%
Wiatr, Sobel, Be Vis 491K Testarossa
78%
Guzior 530K BLUEBERRY
67%
Alberto 345K Dwutakt
67%
Guzior, Oskar83 440K FALA
67%
Kizo, Trill Pem 355K Fitness
67%
Janusz Walczuk 367K Janusz Walczuk
67%
Sobel 615K Kinol
67%
Reto 323K Paw
67%
OIO 761K Przypadkiem
67%
Chivas, White 2115 379K Mam Na Twarzy Krew I Tym Razem Nie Jest Sztuczna
56%
Sobel, Young Igi 426K Nie Teraz
56%
Żabson 363K OBOK
56%
Sobel 350K Puzzle
56%
Sobel 439K To Ja
56%
Sobel 336K Kapie Deszcz
44%
Mata 345K Schodki
44%
Sobel 329K Gruby Temat
33%
Chivas 485K Jakbym Miał W Ręku Klamkę
33%
Sobel 344K Jeden Mały Problem
33%
Sobel 344K Zaczarowany Mózg
33%
Nie znaleziono quizów pasujących do podanych kryteriów
Rozkład punktacji
Procent ludzi z każdym wynikiem
Percentyl według liczby udzielonych odpowiedzi
Twoja historia wyników
Nie rozwiązałeś tego quizu